Statistiques concernant Football - Les Capitaines des Clubs

Cliquez ici pour prendre le quiz!

Statistiques générales

  • Ce quiz a été pris 170 fois
  • Le résultat moyen est 14 sur 25

Statistiques - réponses

ClubNationalitéCapitaine% Correct
Paris Saint-GermainBrésilMarquinhos
92%
Tottenham HotspurCorée du SudHeung-min Son
91%
LiverpoolPays-BasVirgil Van Dijk
88%
Manchester UnitedPortugalBruno Fernandes
84%
ArsenalNorvègeMartin Odegaard
83%
Atlético MadridEspagneKoke
77%
Manchester CityAngleterreKyle Walker
76%
Inter MilanArgentineLautaro Martinez
74%
AS MonacoFranceWissam Ben Yedder
73%
Bayern MunichAllemagneManuel Neuer
72%
Real MadridEspagneNacho Fernandez
69%
Olympique de MarseilleFranceValentin Rongier
67%
FC BarceloneEspagneSergi Roberto
60%
RC LensFranceBrice Samba
54%
Juventus TurinBrésilDanilo
44%
FC PortoPortugalPepe
41%
BenficaArgentineNicolas Otamendi
39%
RB LeipzigHongrieWilli Orban
37%
AC MilanItalieDavide Calabria
35%
NaplesItalieGiovanni Di Lorenzo
35%
Bayer LeverkusenFinlandeLukas Hradecky
32%
ChelseaAngleterreReece James
32%
Borussia DortmundAllemagneEmre Can
31%
AS RomeItalieLorenzo Pellegrini
26%
Sporting CPUruguaySebastian Coates
16%

Distribution des résultats

Percentile par nombre de réponses

% des personnes avec chaque résultat

Votre développement - résultats

Vous n’avez pas pris ce quiz